Mendelismo y evolución /

Guardado en:
Autor Principal: Ford, E B
Formato: Libro
Publicado: Barcelona : Labor, 1973
Edición:2a. ed.
Materias:
Etiquetas: Agregar Etiqueta
Sin Etiquetas, Sea el primero en etiquetar este registro!
LEADER 00555nam a22002175a 4500
001 CEM.cems016599
005 20091209162708.0
008 130507s1973##################000#0#####d
003 CEMS
082 0 4 |a 575.1 
100 1 |a Ford, E B 
245 1 0 |a Mendelismo y evolución /  |c E B Ford, 
250 |a 2a. ed. 
260 |a Barcelona :  |b Labor,  |c 1973 
300 |a 105 p. 
653 |a Evolución 
653 |a Domesticación 
653 |a Genética 
653 |a Mendelismo 
653 |a Mutación 
859 |a CEMS  |b BIB. CEMS - Agricultura  |h 575.1  |i F751  |p A18223.95  |t Ej.1